Olas sobre una roca desierta / (Record no. 110083)

MARC details
000 -LEADER
campo de control de longitud fija 00578nam a2200193 4500
001 - NÚMERO DE CONTROL
campo de control 110083
003 - IDENTIFICADOR DE NÚMERO DE CONTROL
campo de control ES-MaACL
005 - FECHA Y HORA DE LA ÚLTIMA TRANSACCIÓN
campo de control 20230906184955.0
007 - CAMPO FIJO DE DESCRIPCIÓN FÍSICA--INFORMACIÓN GENERAL
campo de control de longitud fija t|
008 - DATOS DE LONGITUD FIJA--INFORMACIÓN GENERAL
campo de control de longitud fija 061121s1970 sp r ||||1| spa d
100 1# - ENTRADA PRINCIPAL--NOMBRE DE PERSONA
Nombre de persona Moix, Terenci.
9 (RLIN) 81822
245 10 - MENCIÓN DEL TÍTULO
Título Olas sobre una roca desierta /
Mención de responsabilidad, etc. Terenci Moix; traducido del catalán por José Miguel Velloso.
250 ## - MENCION DE EDICION
Mención de edición 1ª ed.
260 ## - PUBLICACIÓN, DISTRIBUCIÓN, ETC.
Lugar de publicación, distribución, etc. Barcelona :
Nombre del editor, distribuidor, etc. Destino,
Fecha de publicación, distribución, etc. 1970.
300 ## - DESCRIPCIÓN FÍSICA
Extensión 270 p. ;
Dimensiones 18 cm.
500 ## - NOTA GENERAL
Nota general Premi Josep Pla 1968.
700 1# - ENTRADA AGREGADA--NOMBRE PERSONAL
Nombre de persona Velloso, José Miguel.
9 (RLIN) 113857
852 ## - LOCALIZACIÓN
Ubicación ES-MaACL
Número de control de estantería C-40177
Sublocalización o colección R.73613
Holdings
Estatus retirado Estado de pérdida Estado de daño No para préstamo Biblioteca de origen Biblioteca actual Ubicación en estantería Fecha de adquisición Fuente de adquisición Total de préstamos Signatura topográfica completa Código de barras Visto por última vez Precio de reemplazo Tipo de ítem Koha
        Biblioteca del Ateneo de Madrid Biblioteca del Ateneo de Madrid Depósito 2 17/01/2008     C-40177 1114852 23/02/2023 23/02/2023 Libro impreso